000
00259nam a2200109Ia 4500
008
200302s9999 xx 000 0 und d
100
_a
Murray Grant
245
_a
Scaffold Falsework Design
260
_b
A Viewpoint Publication
260
_c
1978
300
_a
42 P.,
999
_c
502
_d
502